Düşman kazanmak sanatı : (Record no. 9917)
| 000 -BAŞLIK | |
|---|---|
| Sabit Uzunluktaki Kontrol Alanı | 01556nam a22003497a 4500 |
| 001 - KONTROL NUMARASI | |
| Control Dosyası | 0009945 |
| 003 - KONTROL NUMARASI KİMLİĞİ | |
| Kontrol Alanı | KOHA_MİRAKIL |
| 005 - EN SON İŞLEM TARİHİ ve ZAMANI | |
| Kontrol Alanı | 20260207001727.0 |
| 007 - FİZİKSEL TANIM SABİT ALAN - GENEL BİLGİ | |
| Sabit uzunluklu kontrol alanı | ta |
| 008 - SABİT UZUNLUKTAKİ VERİ ÖGELERİ - GENEL BİLGİ | |
| Sabit Alan | 091027b2008 tu |||gr||||#0|||e|tur | |
| 020 ## - ISBN - ULUSLARARASI STANDART KİTAP NUMARASI | |
| Isbn | 9789754373844 |
| 040 ## - KATALOGLAMA KAYNAĞI | |
| Özgün Kataloglama Kurumu | TR-BiSEU |
| Kataloglama Dili | tur |
| Çeviri Kurumu | TR-BiSEU |
| Açıklama Kuralları | rda |
| 041 0# - DİL KODU | |
| Metin ya da ses kaydının dil kodu | tur |
| 044 ## - YAYINLAYAN/ÜRETEN KURULUŞUN ÜLKE KODU | |
| ISO country code | tu |
| 050 ## - SINIFLAMA ve YER NUMARASI | |
| Sınıflama Numarası | PL243 |
| Yer Numarası | .B84 2008 |
| 100 1# - KİŞİ ADI | |
| Yazar Adı (Kişi adı) | Buğra, Tarık. |
| 245 1# - ESER ADI BİLDİRİMİ | |
| Başlık | Düşman kazanmak sanatı : |
| Alt Eseradı vb. | dil ve edebiyat üzerine yazılar/ |
| Sorumluluk Bildirimi | Tarık Buğra ; Tarık Buğra. |
| 264 #1 - ÜRERİM, YAYIN, DAĞITIM ve TELİF BİLDİRİMİ | |
| Yayın yeri | İstanbul : |
| Yayınlayan | Ötüken |
| Yayın tarihi | 2008 |
| 300 ## - FİZİKSEL TANIMLAMA | |
| Sayfa, Cilt vb. | 343 sayfa; 20 cm. |
| 336 ## - İÇERİK TÜRÜ | |
| Content type term | metin |
| Content type code | txt |
| Source | rdacontent |
| 337 ## - MEDYA TÜRÜ | |
| Media type term | aracısız |
| Media type code | n |
| Source | rdamedia |
| 338 ## - TAŞIYICI TÜRÜ | |
| Carrier type term | cilt |
| Carrier type code | nc |
| Source | rdacarrier |
| 490 1# - DİZİ BİLDİRİMİ | |
| Dizi Bildirimi | Yayın ; |
| Cilt Numarası | 144. |
| 490 1# - DİZİ BİLDİRİMİ | |
| Dizi Bildirimi | Edebi Eserler ; |
| Cilt Numarası | 75. |
| 505 ## - İÇİNDEKİLER NOTU | |
| İçindekiler Notu | Tarık Buğra'nın Türk Edebiyatı ve Türkçe hakkındaki düşünceleri... |
| 650 #0 - KONU BAŞLIĞI EK GİRİŞ - KONU TERİMİ | |
| Konusal terim veya coğrafi ad | Turkish language. |
| 9 (RLIN) | 6756 |
| 650 #0 - KONU BAŞLIĞI EK GİRİŞ - KONU TERİMİ | |
| Konusal terim veya coğrafi ad | Turkish literature. |
| 9 (RLIN) | 7987 |
| 830 1# - SERİ EK GİRİŞİ - TEKBİÇİM ESER ADI | |
| Tekbiçim Başlık | Yayın ; |
| Volume number/sequential designation | 144. |
| 9 (RLIN) | 1557 |
| 830 1# - SERİ EK GİRİŞİ - TEKBİÇİM ESER ADI | |
| Tekbiçim Başlık | Edebi Eserler ; |
| Volume number/sequential designation | 75. |
| 9 (RLIN) | 15677 |
| 907 ## - LOCAL DATA ELEMENT G, LDG (RLIN) | |
| a | Deneme |
| 942 ## - EK GİRİŞ ÖGELERİ (KOHA) | |
| Source of classification or shelving scheme | Library of Congress Classification |
| Koha item type | Book |
| 505 ## - İÇİNDEKİLER NOTU | |
| -- | |
| -- | Tarık Buğra meseleleri bulan, onları tartışmaya açan, düşüncelere sunan bir yazardır. Romanlarında, hikâyelerinde, piyeslerinde olduğu gibi bu kitabında da alışılmışlardan, bilinenlerden, beylik'ten titizlikle kaçınmıştır. Özellikle yazıldığı tarihler göz önünde bulundurulduğunda bir dil ve edebiyat ustasının bu görüş ve düşünceleri ufuk açıcıdır. Tarık Buğra'nın yıllar boyu edindiği yazarlık ilkelerini de açıkladığı kitabıdır. |
| Materyal Türü | Kalıcı Konum | Mevcut Konum | Raf Yeri | Sınıflandırma Kaynağı | Edinim Bilgisi | Ana Konular | Alt Konular | Yer Numarası | Demirbaş Numarası | Fatura Tarihi | Maliyet, Alış Fiyatı | Maliyet, Yenileme Fiyatı | Geri Çekilme Durumu | Kayıp Durumu | Hasarlı Durumu | Kredi için değil | Kayıt Tarih | Toplam Ödünçverme | Son Görülme Tarihi | Son Kontrol Tarihi | Genel / Bağış Notu |
|---|---|---|---|---|---|---|---|---|---|---|---|---|---|---|---|---|---|---|---|---|---|
| Book | Prof. Dr. Azmi Özcan Kütüphanesi | Prof. Dr. Azmi Özcan Kütüphanesi | Birûni Salonu | Library of Congress Classification | Bağış | DİL VE EDEBİYAT | Doğu Asya, Afrika, Okyanusya Dilleri ve Edebiyatları | PL243 .B84 2008 | 0009945 | 13/08/2010 | 15.00 | 15.00 | 27/10/2009 | 4 | 05/12/2024 | 05/12/2024 | Ötüken Yayınevi |
